00533nam a2200181 i 4500001001100000003000500011005001700016008004100033040002500074082001700099245003700116264007600153300002300229336002100252337002500273338002300298650003000321C2-0307439PPAK20180728094147.0110213s1976 io |||| ||||| | may d aPPAKbengcPPAKerda04a899.221022300aBibliografi perkamusan indonesia 1aJakarta, Indonesia : bPusat Pembinaan dan Pengembangan Bahasa , c1976 a71 pages ; c22 cm 2rdacontentatext 2rdamediaaunmediated 2rdacarrieravolume10aLiterature - bibliography